| 000 | 01238nam a2200301 a 4500 | ||
|---|---|---|---|
| 008 | 960510s1995 m yxo a y 0 slo c | ||
| 040 |
_aSNK _bslo _cSNK _eAACR2 |
||
| 041 | 1 |
_aslo _aeng _arus |
|
| 044 |
_axo _cSK |
||
| 080 | _a069.6.02:73/76(083.9)=854=30=82 | ||
| 080 | _a73/76 | ||
| 100 | 1 |
_aPodušel, Ľubomír _4aut |
|
| 245 | 1 | 0 |
_aMaliarstvo. Sochárstvo, Grafika _hgrafika _bdiela majstrov v zbierkach Nitrianskej štátnej galérie _cĽubomír Podušel ; text Pavol Sika, Ľubomír Podušel ; preklad Jaromír Šimonek, Anna Tvarožková, Dida Šejchetovová ; grafická úprava Jozef Baus |
| 260 |
_aNitra _bNitrianska štátna galéria _c1995 |
||
| 300 |
_bfotoreprod., reg. umelcov, zozn. diel _c30x21 cm |
||
| 490 | 0 | _aDiela majstrov | |
| 610 | 0 | 7 |
_aNitrianska štátna galéria _aNitra, Slovensko _xumenie výtvarné _xkatalógy _2SNK |
| 611 | 1 | 7 |
_aNitrianska štátna galéria _aNitra, Slovensko _xumenie výtvarné _xkatalógy _2SNK |
| 700 | 1 |
_aSika, Pavol _4lyr |
|
| 700 | 1 |
_aPodušel, Ľubomír _4lyr |
|
| 700 | 1 |
_aŠimonek, Jaromír _4trl |
|
| 700 | 1 |
_aTvarožková, Anna _4trl |
|
| 700 | 1 |
_aŠejchetovová, Dida _4trl |
|
| 700 | 1 |
_aBaus, Jozef _4bkd |
|
| 700 | 1 |
_aKubíček, Jozef _4pht |
|
| 020 | _c10 | ||
| 958 | _aEKV | ||
| 999 |
_c14887 _d14887 |
||